1764 1142 1198 1141 1578 1247 1151 1200 1763 1562 1317 1769 1136 1655 1227 1715 1258 1548 1129 1674 1765 1615 1673 1740 1266 1206 1670 1023 1897 1622 1503 1115 1194 1218 1353 1029 1813 1034 1458 1922 1077 1308 1103 1553 1008 1124 1512 1273 1904 1028 1382 1374 1703 1681 1183 1886 1730 1007 1525 1833 1736 1045 1197 1954 1809 1357 1040 1386 1139 1904 1669 1583 1984 1232 1150 1041 1021 1133 1405 1319 1069 1405 1407 1853 1859 1870 1546 1927 1043 1037 1223 1079 1166 1464 1300 1786 1459 1478 1983 BCNSPRNW ULIB Ver.6.0+V

เปลี่ยนเป็นภาษาไทย

Change to English
 แสดงรายละเอียดบรรณานุกรม
  กลับหน้าหลัก

Brief Record : Get Marc (ISO 2709) : E-mail record : QR code < ปิดหน้าต่าง
LEADER : 00000nam 2200000uu 4500
001    13399121163
003     ULIB
008    121107s2551||||th 000 0 tha d
020    ^a9789741068227
050 04 ^aLB1027^bส748น
100 0  ^aสุคนธ์ สินธพานนท์
245 10 ^aนวัตกรรมการเรียนการสอนเพื่อพัฒนาคุณภาพของเยาวชน /^cสุคนธ์ สินธพานนท์
250    ^aพิมพ์ครั้งที่ 2
260    ^aกรุงเทพฯ :^b9119 เทคนิคพริ้นติ้ง,^c2551
300    ^a200 หน้า ;^c21 ซม
505 2  ^aนวัตกรรมประเภทผลิตภัณฑ์หรือสิ่งประดิษฐ์ -- บทเรียนคอมพิวเตอร์มัลติมีเดีย -- การใช้เกมประกอบการสอน -- วิธีสอนโดยใช้เทคนิคการคิดแบบหมวกหกใบ -- วิธีสอนแบบโมเดลซิปปา -- วิธีสอนโดยการจัดการเรียนรู้แบบวัฏจักรการเรียนรู้
650  7 ^aการสอนด้วยสื่อ
650  7 ^aเทคโนโลยีทางการศึกษา
945    ^p0^l0^i15149
995    ^aวิภา
999 ^a ทศพร
รายการนี้ยังไม่มีแท็ก
คุณยังไม่ได้ล็อกอิน คุณสามารถมีกิจกรรมร่วมกับเว็บไซต์ได้ แต่ต้องล็อกอินก่อน ::
  ล็อกอิน

รายการสื่อสารสนเทศ

ลำดับที่ ประเภท เลขเรียก/บาร์โค้ด สถานที่ สถานะ
1. วิทยาศาสตร์การแพทย์ และสุขภาพ
วิทยาศาสตร์การแพทย์ และสุขภาพ
LB1027 ส748น  
  Barcode: 15149
ห้องสมุดวิทยาเขตสวรรค์ประชารักษ์
►หนังสือทั่วไป
บนชั้น

รายการใกล้เคียง
    ผู้แต่ง [สุคนธ์ สินธพานนท์]

    หัวเรื่อง [การสอนด้วยสื่อ]
    หัวเรื่อง [เทคโนโลยีทางการศึกษา]

BibComment


ยังไม่เคยถูกคอมเมนท์

คอมเมนท์ทรัพยากรรายการนี้
  คอมเมนท์: นวัตกรรมการเรียน..


 Copyright 2026. Bcnsprnw @Library